Learning Approach - Participant Manual (Record no. 9414)

MARC details
000 -LEADER
fixed length control field 00365nam a2200145Ia 4500
008 - FIXED-LENGTH DATA ELEMENTS--GENERAL INFORMATION
fixed length control field 221030s9999 xx 000 0 und d
041 ## - LANGUAGE CODE
Language code of text/sound track or separate title
082 ## - DEWEY DECIMAL CLASSIFICATION NUMBER
Classification number 105.23
100 ## - MAIN ENTRY--AUTHOR NAME
Personal name Mission 10 X
245 #0 - TITLE STATEMENT
Title Learning Approach - Participant Manual
Statement of responsibility, etc by Mission 10 X
260 ## - PUBLICATION, DISTRIBUTION, ETC. (IMPRINT)
Name of publisher Wipro Ltd.
Place of publication Bangalore
Year of publication 2010
300 ## - PHYSICAL DESCRIPTION
Number of Pages 135
650 ## - SUBJECT ADDED ENTRY--TOPICAL TERM
Topical Term BE Computer
942 ## - ADDED ENTRY ELEMENTS (KOHA)
Koha item type Books
Holdings
Accession Number Full call number Source of acquisition Price effective from Koha item type Withdrawn / writtenoff status Materials specified (bound volume or other part) Damaged status Not for loan Permanent Location Current Location Shelving location Date acquired Lost/ Missing status department
BE 11698 105.23 Wipro, Banagalore 10/30/2022 Books   Print     MIET Library, Jammu MIET Library, Jammu BL-Academic Block B, FL-1, CUP-70, SH-1, R-1 05/19/2011   BE
BE 11699 105.23 Wipro, Banagalore 10/30/2022 Books   Print     MIET Library, Jammu MIET Library, Jammu BL-Academic Block A, FL-1, CUP-121, SH-6, R-6 05/19/2011   BE
BE 11700 105.23 Wipro, Banagalore 10/30/2022 Books   Print     MIET Library, Jammu MIET Library, Jammu BL-Academic Block A, FL-1, CUP-121, SH-6, R-6 05/19/2011   BE